La autoridad de la encíclica Humanae vitae /

Shranjeno v:
Bibliografske podrobnosti
Glavni avtor: Gagnebet, M.R (autor)
Format: Knjiga
Jezik:španščina
Teme:
Oznake: Označite
Brez oznak, prvi označite!

MARC

LEADER 00000nam^a2200000^a^4500
001 000312616
005 20250521000000.0
009 20260310113119.069
037 |a Acervo ITESO - Biblioteca 
041 |a ESP 
082 |a 262. 91  |b IGL HUM GAG 
100 |a Gagnebet, M.R.  |e (autor) 
240 1 1 |a [Encíclicas papales] 
240 1 1 |a [Humanae vitae] 
245 1 3 |a La autoridad de la encíclica Humanae vitae /  |c M.R. Gagnebet. 
264 |a lugar de publicación no identificado :  |b editorial no identificada,  |c 1968 
300 |a 15 p. 
336 |a texto  |b txt  |2 rdacontenido 
337 |a sin mediación  |b n  |2 rdamedio 
338 |a volumen  |b nc  |2 rdasoporte 
649 |a XX 
650 |a Encíclicas -  |x Historia y Crítica -  |x Tema Principal 
650 |a Control Natal -  |x Aspectos Eticos 
650 |a Reproducción Humana -  |x Aspectos Eticos 
650 |a Etica Sexual 
650 |a Etica Cristiana 
650 |a Documentos Pontificios -  |x Historia y Crítica 
650 |a Iglesia Católica -  |x Cartas y Edictos Pastorales -  |x Historia y Crítica 
650 |a Iglesia y Problemas Sociales 
650 |a Iglesia Católica -  |x Historia -  |y Papa, 1963-1978 (Paulo VI) 
650 |a Iglesia Católica -  |x Autoridad -  |x Tema Principal 
650 |a Teología Doctrinal 
650 |a Cristianismo 
650 |a Autoridad (Religión) 
650 |a Religión 
910 |a Fondo General 
920 |a Impresos - Libros 
930 |a Colección General 
905 |a 101 
901 |a 0500199399  |b IT1  |c ACC  |u 20250521 
902 |a https://opac.biblio.iteso.mx/vufind/Record/000312616